Nezamestnanosť rómskeho etnika

Problematika zamestnanosti Rómov. Analýza príčin ich sťaženého uplatnenia sa na trhu práce. Osobitosti tohto etnika, ich hodnoty a následné prejavy správania. Rómovia ako špecifická komunita. Vplyv sociálneho prostredia, a socializácia. Sociálne siete a väzby v segregovanej komunite a informovanosť...

ver descrição completa

Na minha lista:
Detalhes bibliográficos
Autor principal: Hangoni, Tomáš
Formato: Capítulo de Livro
Idioma:eslovaco
Assuntos:
Tags: Adicionar Tag
Sem tags, seja o primeiro a adicionar uma tag!

MARC

LEADER 00000nla$a2200000$$$4500
001 0114747
005 20221207082014.8
041 0 |a slo 
044 |a SK 
245 1 0 |a Nezamestnanosť rómskeho etnika  |c Tomáš Hangoni 
520 |a Problematika zamestnanosti Rómov. Analýza príčin ich sťaženého uplatnenia sa na trhu práce. Osobitosti tohto etnika, ich hodnoty a následné prejavy správania. Rómovia ako špecifická komunita. Vplyv sociálneho prostredia, a socializácia. Sociálne siete a väzby v segregovanej komunite a informovanosť o trhu práce. 
610 2 0 |a Rómovia 
610 2 0 |a história 
610 2 0 |a kultúra 
610 2 0 |a skupiny sociálne 
610 2 0 |a štýl životný 
610 2 0 |a trh práce 
610 2 0 |a nezamestnanosť 
100 1 |a Hangoni, Tomáš